00418nam a2200169Ia 450000500170000000800410001702000140005804000190007204100120009108200110010310000200011424500410013426000280017530000120020365000230021585000100023820231012094542.0131103s9999 xx 000 0 und d a330269658 aLoreto College aEnglish aFbSCR aScrimgeour,G.J. 2aA women of her timescG.J.Scrimgeour aLondonbPan Booksc1982 a528 p.  aFiction in English aLCLIB